000
00237nam a2200097Ia 4500
001
648562
005
20250826153724.0
008
250824s9999 xx 000 0 und d
245
0
_a
YARALI SERÇE
_c
HASAN NAİL CANAT
260
_b
GENÇ TİMAŞ
999
_c
648562
_d
648562